| 000 | 00587nam a2200169Ia 4500 | ||
|---|---|---|---|
| 008 | 090201s9999 xx 000 0 und d | ||
| 010 | _aKPL-67215 | ||
| 040 | _bमराठी | ||
| 041 | _aमराठी | ||
| 082 |
_a50027 _b67215 |
||
| 100 | _aजॉन ग्रे अनु / मराठे रमा | ||
| 245 |
_aतो आणि ती _cजॉन ग्रे अनु / मराठे रमा |
||
| 260 |
_c2004 _bमेहता पब्लिशिंग हाऊस |
||
| 300 |
_a348 _bमध्यम |
||
| 600 | _aतो आणि ती | ||
| 942 | _cBOOK | ||
| 999 |
_c246582 _d246582 |
||